000 00371nam a2200145 i 4500
001 bg
100 1 _aCHOJNACKI, Wiktor.
245 0 _aUkłady scalone w urządzeniach krótkofalarskich /
_cW. Chojnacki.
260 _aWarszawa,
_c1983.
040 _cBPK
041 _apol
080 _a621.396:621.38.049.77
942 _cKS
008 s pl f |000 0 pol
999 _c22442
_d22442
856 _uhttp://koha.tu.koszalin.pl/cgi-bin/koha/opac-detail.pl?biblionumber=22442
_yKatalog online BPK